[Event "NB I. Maroczy csoport"]
[Site "Debrecen"]
[Date "2024.04.21"]
[Round "10.3"]
[White "Kormos, Adam"]
[Black "Mester, Gyula"]
[Result "1-0"]
[WhiteElo "2122"]
[BlackElo "2294"]
[PlyCount "81"]
[EventDate "2023.10.08"]
[EventType "team-tourn"]
[EventRounds "11"]
[EventCountry "HUN"]
[Source "chess.hu"]
[WhiteTeam "Dr.  Hetenyi Geza SK"]
[BlackTeam "DEAC-Debr.Sakkiskola"]
[WhiteTeamCountry "HUN"]
[BlackTeamCountry "HUN"]

1. e4 c5 2. Nf3 Nc6 3. Bc4 e6 4. O-O Nf6 5. Re1 Qc7 6. h3 d6 7. c3 Be7 8. d4
Nxe4 9. d5 Nf6 10. dxc6 Qxc6 11. a4 O-O 12. Nbd2 b6 13. Nf1 h6 14. Ng3 Qc7 15.
Bd3 d5 16. Ne5 Bd6 17. f4 Nd7 18. Qe2 c4 19. Bc2 f5 20. Kh1 Nf6 21. Nh5 Ne4 22.
Bxe4 dxe4 23. Be3 Bxe5 24. fxe5 Rf7 25. Red1 Bb7 26. Rd6 Rd8 27. Rad1 Bd5 28.
Rxd8+ Qxd8 29. Nf4 Rd7 30. Qh5 Bc6 31. Rxd7 Qxd7 32. Qg6 Qf7 33. Qxe6 Bxa4 34.
Qc8+ Kh7 35. e6 Qe8 36. Qxc4 Bc6 37. e7 g5 38. Nh5 Kg6 39. Qe6+ Kxh5 40. g4+
Kh4 41. Kg2 1-0

[Event "NB I. Maroczy csoport"]
[Site "Debrecen"]
[Date "2024.04.21"]
[Round "10.4"]
[White "Emodi, Barnabas"]
[Black "Dory, Jeno"]
[Result "1/2-1/2"]
[WhiteElo "2328"]
[BlackElo "2154"]
[PlyCount "44"]
[EventDate "2023.10.08"]
[EventType "team-tourn"]
[EventRounds "11"]
[EventCountry "HUN"]
[Source "chess.hu"]
[WhiteTeam "DEAC-Debr.Sakkiskola"]
[BlackTeam "Dr.  Hetenyi Geza SK"]
[WhiteTeamCountry "HUN"]
[BlackTeamCountry "HUN"]

1. d4 Nf6 2. c4 e6 3. Nf3 b6 4. g3 Bb7 5. Bg2 Bb4+ 6. Bd2 Be7 7. Nc3 O-O 8. O-O
d5 9. cxd5 exd5 10. Bg5 Nbd7 11. Ne5 Ne4 12. Bxe7 Qxe7 13. Nxd7 Qxd7 14. Qc2
Rfe8 15. e3 Rac8 16. Rfd1 Nf6 17. Rac1 a5 18. a3 h6 19. b4 axb4 20. axb4 Ba6
21. Qa4 Qxa4 22. Nxa4 Bc4 1/2-1/2

[Event "NB I. Maroczy csoport"]
[Site "Debrecen"]
[Date "2024.04.21"]
[Round "10.5"]
[White "Seres, Bela"]
[Black "Ag, Norbert Dr"]
[Result "0-1"]
[WhiteElo "2133"]
[BlackElo "2305"]
[PlyCount "76"]
[EventDate "2023.10.08"]
[EventType "team-tourn"]
[EventRounds "11"]
[EventCountry "HUN"]
[Source "chess.hu"]
[WhiteTeam "Dr.  Hetenyi Geza SK"]
[BlackTeam "DEAC-Debr.Sakkiskola"]
[WhiteTeamCountry "HUN"]
[BlackTeamCountry "HUN"]

1. e4 c6 2. Nf3 d5 3. Nc3 dxe4 4. Nxe4 Nf6 5. Nxf6+ exf6 6. d4 Bd6 7. Be3 Qb6
8. Qc1 O-O 9. Be2 Re8 10. Nd2 Qc7 11. h3 Bf5 12. Nc4 Bf8 13. Bf4 Qe7 14. Qd2
Qe4 15. Bxb8 Qxg2 16. O-O-O Raxb8 17. Rdf1 Qd5 18. b3 Qd7 19. Kb2 Rbd8 20. Rd1
Be6 21. Qc3 Qc7 22. Bg4 f5 23. Bf3 g6 24. Ne5 c5 25. Kb1 Bg7 26. Rhe1 Rxd4 27.
Rxd4 Bxe5 28. Rxe5 Qxe5 29. Rd3 Qxc3 30. Rxc3 b6 31. a3 Kf8 32. b4 Rc8 33. Bb7
Rc7 34. Bg2 Ke7 35. a4 Kd6 36. Rd3+ Ke5 37. b5 Rd7 38. Re3+ Kf6 0-1

[Event "NB I. Maroczy csoport"]
[Site "Debrecen"]
[Date "2024.04.21"]
[Round "10.6"]
[White "Deak, Sandor"]
[Black "Baranyai, Szabolcs Jr"]
[Result "1-0"]
[WhiteElo "2234"]
[BlackElo "2148"]
[PlyCount "72"]
[EventDate "2023.10.08"]
[EventType "team-tourn"]
[EventRounds "11"]
[EventCountry "HUN"]
[Source "chess.hu"]
[WhiteTeam "DEAC-Debr.Sakkiskola"]
[BlackTeam "Dr.  Hetenyi Geza SK"]
[WhiteTeamCountry "HUN"]
[BlackTeamCountry "HUN"]

1. e4 e6 2. d4 d5 3. Nd2 Nf6 4. e5 Nfd7 5. Bd3 c5 6. c3 Nc6 7. Ngf3 Qb6 8. O-O
cxd4 9. cxd4 Nxd4 10. Nxd4 Qxd4 11. Nf3 Qb6 12. Qa4 Qb4 13. Qc2 Nc5 14. Bxh7
Be7 15. Bg5 Bd7 16. Bxe7 Kxe7 17. Rfd1 Rac8 18. Rd4 Qb6 19. Qb1 Na4 20. Bc2 Rc4
21. Rxc4 dxc4 22. Bxa4 Bxa4 23. Qc1 Qc7 24. Qg5+ Kf8 25. Qf4 Kg8 26. Rc1 Bb5
27. b3 Rh5 28. g4 Rh3 29. Ng5 Rh4 30. bxc4 Bc6 31. Rd1 Qe7 32. f3 Rh6 33. Qd2
g6 34. Nxf7 Rxh2 35. Kxh2 Qh4+ 36. Kg1 Kxf7 1-0

[Event "NB I. Maroczy csoport"]
[Site "Debrecen"]
[Date "2024.04.21"]
[Round "10.7"]
[White "Pervai, Laszlo"]
[Black "Laszlo, Janos"]
[Result "1-0"]
[WhiteElo "1988"]
[BlackElo "2186"]
[PlyCount "93"]
[EventDate "2023.10.08"]
[EventType "team-tourn"]
[EventRounds "11"]
[EventCountry "HUN"]
[Source "chess.hu"]
[WhiteTeam "Dr.  Hetenyi Geza SK"]
[BlackTeam "DEAC-Debr.Sakkiskola"]
[WhiteTeamCountry "HUN"]
[BlackTeamCountry "HUN"]

1. e4 e5 2. Nc3 Nc6 3. f4 exf4 4. Nf3 Nge7 5. d4 d5 6. Bxf4 dxe4 7. Nxe4 Nd5 8.
Be5 f6 9. Bg3 Qe7 10. Qe2 Bf5 11. Nc5 O-O-O 12. O-O-O Qxe2 13. Bxe2 Bxc5 14.
dxc5 Ncb4 15. Nd4 Bd7 16. a3 Nc6 17. Nb5 Be6 18. Rxd5 Bxd5 19. Bg4+ Kb8 20.
Bxc7+ Ka8 21. Bxd8 Rxd8 22. Nc7+ Kb8 23. Nxd5 Rxd5 24. b4 Ne5 25. Rd1 Rxd1+ 26.
Bxd1 Kc7 27. Be2 Kc6 28. c4 a5 29. Kd2 axb4 30. axb4 Kc7 31. Ke3 h5 32. Ke4 Kc6
33. Kf5 h4 34. h3 Kd7 35. Bf3 Nd3 36. Kg6 Nxb4 37. Kxg7 Nd3 38. Bxb7 Nxc5 39.
Bd5 Ke7 40. Kg6 Nd3 41. Kh5 Kd6 42. Kxh4 Ke5 43. Kg4 f5+ 44. Kg5 f4 45. h4 Kd4
46. h5 Ke3 47. h6 1-0

[Event "NB I. Maroczy csoport"]
[Site "Debrecen"]
[Date "2024.04.21"]
[Round "10.8"]
[White "Tran, David"]
[Black "Kormos, Andras"]
[Result "1-0"]
[WhiteElo "2178"]
[BlackElo "2058"]
[PlyCount "89"]
[EventDate "2023.10.08"]
[EventType "team-tourn"]
[EventRounds "11"]
[EventCountry "HUN"]
[Source "chess.hu"]
[WhiteTeam "DEAC-Debr.Sakkiskola"]
[BlackTeam "Dr.  Hetenyi Geza SK"]
[WhiteTeamCountry "HUN"]
[BlackTeamCountry "HUN"]

1. e4 g6 2. d4 Bg7 3. c4 d6 4. Nc3 Nc6 5. Be3 e5 6. Nge2 f5 7. d5 Nce7 8. f3
Nf6 9. h3 c6 10. g4 cxd5 11. cxd5 O-O 12. Qd2 Bd7 13. Nc1 fxe4 14. fxe4 h5 15.
g5 Ne8 16. Be2 Nc7 17. a4 Na6 18. Nd3 Qa5 19. Nb5 Qxd2+ 20. Kxd2 Bxb5 21. axb5
Nc7 22. Nb4 Nc8 23. Rhc1 Rf7 24. b6 Nxb6 25. Rxc7 Rxc7 26. Bxb6 Rf7 27. Rxa7
Rxa7 28. Bxa7 Bf8 29. Be3 Be7 30. Kc3 Rf8 31. Nc2 Rc8+ 32. Kb3 Bd8 33. Na3 Be7
34. Kb4 Ra8 35. Bb5 Rf8 36. Nc4 h4 37. Bd7 Rf3 38. Kb5 Bd8 39. Bg4 Rg3 40. Bf2
Rxg4 41. hxg4 h3 42. Bg1 Bxg5 43. Kb6 Bf4 44. Kxb7 Kg7 45. Kc7 1-0

[Event "NB I. Maroczy csoport"]
[Site "Debrecen"]
[Date "2024.04.21"]
[Round "10.9"]
[White "Novaky, Csaba"]
[Black "Dibusz, Domonkos"]
[Result "1/2-1/2"]
[WhiteElo "2075"]
[BlackElo "2088"]
[PlyCount "39"]
[EventDate "2023.10.08"]
[EventType "team-tourn"]
[EventRounds "11"]
[EventCountry "HUN"]
[Source "chess.hu"]
[WhiteTeam "Dr.  Hetenyi Geza SK"]
[BlackTeam "DEAC-Debr.Sakkiskola"]
[WhiteTeamCountry "HUN"]
[BlackTeamCountry "HUN"]

1. e4 e5 2. Nf3 Nc6 3. Bc4 Bc5 4. c3 Nf6 5. d4 exd4 6. cxd4 Bb4+ 7. Nc3 Nxe4 8.
O-O Bxc3 9. d5 Bf6 10. Re1 Ne7 11. Rxe4 d6 12. Bg5 Bxg5 13. Nxg5 h6 14. Qe2
hxg5 15. Re1 Be6 16. dxe6 f6 17. Re3 c6 18. Rh3 Rxh3 19. gxh3 g6 20. Qd2
1/2-1/2

[Event "NB I. Maroczy csoport"]
[Site "Debrecen"]
[Date "2024.04.21"]
[Round "10.10"]
[White "Mate, Balazs"]
[Black "Toth, Gabor"]
[Result "1/2-1/2"]
[WhiteElo "2034"]
[BlackElo "2141"]
[PlyCount "61"]
[EventDate "2023.10.08"]
[EventType "team-tourn"]
[EventRounds "11"]
[EventCountry "HUN"]
[Source "chess.hu"]
[WhiteTeam "DEAC-Debr.Sakkiskola"]
[BlackTeam "Dr.  Hetenyi Geza SK"]
[WhiteTeamCountry "HUN"]
[BlackTeamCountry "HUN"]

1. e4 c5 2. Nf3 g6 3. d4 Bg7 4. dxc5 Qa5+ 5. c3 Qxc5 6. Be3 Qc7 7. Bd3 Nf6 8.
Na3 Nc6 9. O-O O-O 10. Nb5 Qb8 11. Nbd4 e5 12. Nxc6 bxc6 13. Qb3 Qc7 14. c4 d6
15. h3 Rb8 16. Qc3 Rd8 17. Rfd1 Nd7 18. b3 Nf8 19. Qc2 Qe7 20. Rac1 c5 21. Qd2
Ne6 22. Rf1 Rf8 23. Rcd1 Bd7 24. Bc2 Nd4 25. Nxd4 cxd4 26. Bh6 f5 27. Bxg7 Kxg7
28. f3 f4 29. Kh2 Be6 30. Bd3 Rb7 31. Rc1 1/2-1/2

[Event "NB I. Maroczy csoport"]
[Site "Debrecen"]
[Date "2024.04.21"]
[Round "10.11"]
[White "Gelle, Istvan"]
[Black "Nagy, Sandor I"]
[Result "0-1"]
[WhiteElo "2161"]
[BlackElo "2145"]
[PlyCount "44"]
[EventDate "2023.10.08"]
[EventType "team-tourn"]
[EventRounds "11"]
[EventCountry "HUN"]
[Source "chess.hu"]
[WhiteTeam "Dr.  Hetenyi Geza SK"]
[BlackTeam "DEAC-Debr.Sakkiskola"]
[WhiteTeamCountry "HUN"]
[BlackTeamCountry "HUN"]

1. d4 d5 2. Bf4 c5 3. e3 cxd4 4. exd4 Nc6 5. c3 Bf5 6. Nf3 e6 7. Qb3 Bd6 8.
Qxb7 Bxf4 9. Qxc6+ Kf8 10. Ne5 Ne7 11. Qb7 Bxe5 12. dxe5 Ng6 13. f4 a5 14. Na3
Rb8 15. Qa7 Rxb2 16. Nb5 Nh4 17. Nd6 Bg6 18. Bd3 Nxg2+ 19. Kd1 Qb8 20. Qd7 Rd2+
21. Kxd2 Qb2+ 22. Kd1 Bh5+ 0-1

[Event "NB I. Maroczy csoport"]
[Site "Budapest"]
[Date "2024.04.21"]
[Round "10.1"]
[White "Hajnal, Zoltan"]
[Black "Izsak, Gyula"]
[Result "1/2-1/2"]
[WhiteElo "2332"]
[BlackElo "2390"]
[PlyCount "24"]
[EventDate "2023.10.08"]
[EventType "team-tourn"]
[EventRounds "11"]
[EventCountry "HUN"]
[Source "chess.hu"]
[WhiteTeam "DVTK I."]
[BlackTeam "Aquarena Kobanya  II"]
[WhiteTeamCountry "HUN"]
[BlackTeamCountry "HUN"]

1. e4 c5 2. Nf3 e6 3. c4 Nc6 4. Nc3 Nf6 5. Be2 a6 6. O-O Qc7 7. d4 cxd4 8. Nxd4
Nxd4 9. Qxd4 Bc5 10. Qd3 O-O 11. Be3 Bxe3 12. Qxe3 d6 1/2-1/2

[Event "NB I. Maroczy csoport"]
[Site "Budapest"]
[Date "2024.04.21"]
[Round "10.2"]
[White "Horvath, David"]
[Black "Fule, Simon"]
[Result "1/2-1/2"]
[WhiteElo "2325"]
[BlackElo "2241"]
[PlyCount "31"]
[EventDate "2023.10.08"]
[EventType "team-tourn"]
[EventRounds "11"]
[EventCountry "HUN"]
[Source "chess.hu"]
[WhiteTeam "Aquarena Kobanya  II"]
[BlackTeam "DVTK I."]
[WhiteTeamCountry "HUN"]
[BlackTeamCountry "HUN"]

1. d4 Nf6 2. c4 d6 3. Nc3 g6 4. Nf3 Bg7 5. g3 O-O 6. Bg2 Nc6 7. O-O e5 8. dxe5
dxe5 9. Bg5 Be6 10. Qa4 Qb8 11. Nd2 Nd7 12. Bxc6 bxc6 13. Qxc6 Qxb2 14. Nd5 e4
15. a4 Qe5 16. Bf4 1/2-1/2

[Event "NB I. Maroczy csoport"]
[Site "Budapest"]
[Date "2024.04.21"]
[Round "10.3"]
[White "Turcsanyi, Vince Gergo"]
[Black "Konnyu, Janos"]
[Result "0-1"]
[WhiteElo "2303"]
[BlackElo "2334"]
[PlyCount "204"]
[EventDate "2023.10.08"]
[EventType "team-tourn"]
[EventRounds "11"]
[EventCountry "HUN"]
[Source "chess.hu"]
[WhiteTeam "DVTK I."]
[BlackTeam "Aquarena Kobanya  II"]
[WhiteTeamCountry "HUN"]
[BlackTeamCountry "HUN"]

1. Nf3 Nf6 2. c4 g6 3. Nc3 Bg7 4. e4 d6 5. d4 O-O 6. Be2 c5 7. O-O cxd4 8. Nxd4
Nc6 9. Be3 Bd7 10. f3 Nxd4 11. Bxd4 Bc6 12. Qd2 Nd7 13. Kh1 Bxd4 14. Qxd4 Qb6
15. Qd2 Nc5 16. Rab1 a5 17. b3 Rfc8 18. Rfc1 Ne6 19. a3 Qd4 20. Rd1 Qe5 21. Nd5
Bxd5 22. exd5 Nc5 23. Re1 Rc7 24. Bd1 Qf6 25. Bc2 a4 26. b4 Nd7 27. Re4 Ne5 28.
Qe2 Rac8 29. c5 dxc5 30. b5 Nd7 31. Rxe7 Nb6 32. Rxc7 Rxc7 33. Rd1 Re7 34. Qf2
Qd6 35. h3 Re5 36. Be4 Kf8 37. Qh4 Kg7 38. Qf2 f5 39. Bc2 Rxd5 40. Re1 Rd2 41.
Re6 Qxe6 42. Qxd2 Qc4 43. Qd6 Nd5 44. Kh2 Qf4+ 45. Qxf4 Nxf4 46. Kg3 Ne2+ 47.
Kf2 Nc3 48. b6 f4 49. Bd3 Nd5 50. Be4 Nxb6 51. Bxb7 Nc4 52. Bc6 Kf6 53. Ke2
Nxa3 54. Bxa4 Nc4 55. Bd7 h5 56. Be8 h4 57. Kd3 Nd6 58. Bd7 Ke5 59. Bc6 g5 60.
Kc3 Nf5 61. Kc4 Kd6 62. Be8 Ne3+ 63. Kd3 Nxg2 64. Ke4 Ne3 65. Bf7 Kc6 66. Be8+
Kb6 67. Kd3 Ka5 68. Kc3 Nf5 69. Bh5 Kb5 70. Bg4 Nd4 71. Bd7+ Kb6 72. Bg4 Kc6
73. Kc4 Nb5 74. Be6 Kd6 75. Bf7 Nd4 76. Bh5 Nc6 77. Kd3 Ne5+ 78. Ke4 Ke6 79.
Be8 c4 80. Ba4 c3 81. Bd1 Kf6 82. Bb3 Nc4 83. Kd3 Ne5+ 84. Ke4 Nc4 85. Kd3 Nd2
86. Bd1 Ke5 87. Kxc3 g4 88. fxg4 Ne4+ 89. Kd3 Nf2+ 90. Ke2 Nxh3 91. Ba4 Ng5 92.
Bc6 Ne6 93. Kf2 Nd4 94. Bb7 Kf6 95. Kg2 Kg5 96. Bc8 Nc2 97. Kh3 Ne3 98. Bd7 f3
99. Bb5 f2 100. Bf1 Nxf1 101. Kg2 Ne3+ 102. Kxf2 Nxg4+ 0-1

[Event "NB I. Maroczy csoport"]
[Site "Budapest"]
[Date "2024.04.21"]
[Round "10.4"]
[White "Urhegyi, Marton"]
[Black "Gathi, Donat"]
[Result "1/2-1/2"]
[WhiteElo "2254"]
[BlackElo "2232"]
[PlyCount "62"]
[EventDate "2023.10.08"]
[EventType "team-tourn"]
[EventRounds "11"]
[EventCountry "HUN"]
[Source "chess.hu"]
[WhiteTeam "Aquarena Kobanya  II"]
[BlackTeam "DVTK I."]
[WhiteTeamCountry "HUN"]
[BlackTeamCountry "HUN"]

1. e4 e5 2. Nf3 Nc6 3. Bb5 a6 4. Ba4 Nf6 5. O-O Be7 6. Re1 b5 7. Bb3 d6 8. c3
O-O 9. h3 Be6 10. d4 Bxb3 11. Qxb3 Qd7 12. a4 Rfe8 13. axb5 axb5 14. Rxa8 Rxa8
15. Qxb5 Nxd4 16. Nxd4 exd4 17. Qxd7 Nxd7 18. cxd4 Bf6 19. Be3 Ra2 20. Nc3 Rxb2
21. Nd5 c6 22. Nxf6+ Nxf6 23. Rc1 Nxe4 24. Rxc6 Kf8 25. Bf4 Rb1+ 26. Kh2 Nxf2
27. Bxd6+ Ke8 28. Bc5 Kd7 29. Rd6+ Kc7 30. Ra6 Rh1+ 31. Kg3 Ne4+ 1/2-1/2

[Event "NB I. Maroczy csoport"]
[Site "Budapest"]
[Date "2024.04.21"]
[Round "10.5"]
[White "Zambo, Zoltan Istvan"]
[Black "Halak, Miklos"]
[Result "1/2-1/2"]
[WhiteElo "2294"]
[BlackElo "2210"]
[PlyCount "20"]
[EventDate "2023.10.08"]
[EventType "team-tourn"]
[EventRounds "11"]
[EventCountry "HUN"]
[Source "chess.hu"]
[WhiteTeam "DVTK I."]
[BlackTeam "Aquarena Kobanya  II"]
[WhiteTeamCountry "HUN"]
[BlackTeamCountry "HUN"]

1. Nf3 d5 2. d4 e6 3. c4 a6 4. cxd5 exd5 5. g3 Nf6 6. Bg2 Bd6 7. O-O O-O 8. Nc3
h6 9. Ne5 c6 10. f4 Bf5 1/2-1/2

[Event "NB I. Maroczy csoport"]
[Site "Budapest"]
[Date "2024.04.21"]
[Round "10.6"]
[White "Teglas, Balazs"]
[Black "Horvath, Kristof"]
[Result "0-1"]
[WhiteElo "2208"]
[BlackElo "2087"]
[PlyCount "116"]
[EventDate "2023.10.08"]
[EventType "team-tourn"]
[EventRounds "11"]
[EventCountry "HUN"]
[Source "chess.hu"]
[WhiteTeam "Aquarena Kobanya  II"]
[BlackTeam "DVTK I."]
[WhiteTeamCountry "HUN"]
[BlackTeamCountry "HUN"]

1. c4 e5 2. Nc3 Nf6 3. g3 c5 4. Bg2 Nc6 5. e4 Be7 6. Nge2 a6 7. O-O d6 8. d3 h5
9. Nd5 h4 10. Nxe7 Qxe7 11. Bg5 hxg3 12. fxg3 Bg4 13. Qd2 Qe6 14. Nc3 Nd7 15.
Nd5 Rc8 16. Rf2 f6 17. Be3 Kf7 18. Raf1 Ne7 19. Nc3 Rb8 20. a4 b6 21. b4 cxb4
22. Nd5 Nxd5 23. cxd5 Qe8 24. Qxb4 Nc5 25. Ra2 a5 26. Qc4 Bd7 27. Bxc5 bxc5 28.
Qa6 Ke7 29. Qxa5 Rb4 30. Qa7 Qb8 31. Qxb8 Rhxb8 32. a5 Bb5 33. Rd1 Rg8 34. Bf1
Kd7 35. Rda1 Kc7 36. Kf2 Ba6 37. Ke3 Rgb8 38. Be2 Rb2 39. Rxb2 Rxb2 40. h4 Rb3
41. Kd2 Rb2+ 42. Kd1 Kb7 43. h5 Bb5 44. g4 Ka6 45. Ra3 Rb4 46. Kd2 Ra4 47. Rc3
Kxa5 48. h6 gxh6 49. Rc1 Ra2+ 50. Ke3 Ra3 51. Rf1 c4 52. Rxf6 c3 53. Rf1 Kb4
54. Rc1 Ba4 55. Rb1+ Rb3 56. Rc1 Rb2 57. Ra1 c2 58. Rc1 Kc3 0-1

[Event "NB I. Maroczy csoport"]
[Site "Budapest"]
[Date "2024.04.21"]
[Round "10.7"]
[White "Dobai, Szabolcs"]
[Black "Karacsonyi, Kata"]
[Result "1-0"]
[WhiteElo "2121"]
[BlackElo "2152"]
[PlyCount "131"]
[EventDate "2023.10.08"]
[EventType "team-tourn"]
[EventRounds "11"]
[EventCountry "HUN"]
[Source "chess.hu"]
[WhiteTeam "DVTK I."]
[BlackTeam "Aquarena Kobanya  II"]
[WhiteTeamCountry "HUN"]
[BlackTeamCountry "HUN"]

1. Nf3 Nf6 2. c4 e6 3. g3 d5 4. b3 Be7 5. Bg2 O-O 6. Bb2 c6 7. O-O b6 8. d4 a5
9. Nc3 Ba6 10. Qd3 b5 11. Nd2 bxc4 12. bxc4 Qb6 13. Rab1 dxc4 14. Qc2 Nd5 15.
Rfc1 Qa7 16. a3 Nd7 17. Na4 N7b6 18. Nc5 Bb5 19. e4 Nf6 20. a4 Bxc5 21. axb5
Be7 22. bxc6 Rfc8 23. d5 exd5 24. Bd4 Bb4 25. exd5 Qa6 26. Bxf6 gxf6 27. Nxc4
Nxc4 28. Qxc4 Qxc4 29. Rxc4 Bd6 30. Bh3 Rc7 31. Ra1 Rca7 32. Raa4 Rd8 33. Rc1
Rb8 34. Rca1 Rb5 35. Bg2 Kf8 36. h3 Ke7 37. Re1+ Kd8 38. Rea1 Kc7 39. Bf3 Kb6
40. Kg2 Re7 41. R1a2 Re1 42. Be4 h5 43. Rc4 Kc7 44. h4 f5 45. Bf3 f6 46. Bxh5
Rxd5 47. Rb2 Bb4 48. Bf3 Rd8 49. h5 Re5 50. Rcxb4 axb4 51. Rxb4 Rb8 52. Ra4 Kb6
53. Rd4 Re7 54. Rd5 f4 55. g4 Kxc6 56. Rf5+ Kd7 57. Rxf6 Rb4 58. g5 Re5 59. g6
Rg5+ 60. Kh3 Ke7 61. Rf7+ Ke6 62. Bg4+ Kd6 63. Kh4 Re4 64. g7 Re8 65. h6 Rg8
66. h7 1-0

[Event "NB I. Maroczy csoport"]
[Site "Budapest"]
[Date "2024.04.21"]
[Round "10.8"]
[White "Egeto, Janos-Lehel"]
[Black "Herczeg, Marcell"]
[Result "1-0"]
[WhiteElo "2012"]
[BlackElo "2121"]
[PlyCount "83"]
[EventDate "2023.10.08"]
[EventType "team-tourn"]
[EventRounds "11"]
[EventCountry "HUN"]
[Source "chess.hu"]
[WhiteTeam "Aquarena Kobanya  II"]
[BlackTeam "DVTK I."]
[WhiteTeamCountry "HUN"]
[BlackTeamCountry "HUN"]

1. d4 e6 2. c4 b6 3. Nf3 Bb7 4. a3 f5 5. Nc3 Nf6 6. e3 Be7 7. Bd3 O-O 8. O-O
Ne4 9. Qc2 Nxc3 10. Qxc3 Bxf3 11. gxf3 Bd6 12. f4 Qh4 13. f3 Rf6 14. Qe1 Qh3
15. Rf2 Be7 16. Qf1 Qxf1+ 17. Kxf1 d6 18. Bd2 Nd7 19. Bc3 Rff8 20. Rg2 Bf6 21.
Bc2 Rac8 22. Ba4 Nb8 23. Rc1 Rfd8 24. d5 Bxc3 25. Rxc3 e5 26. fxe5 dxe5 27. c5
Kf8 28. e4 Na6 29. b4 c6 30. Bxc6 Rc7 31. Bb5 Nb8 32. Ra2 bxc5 33. bxc5 Rb7 34.
Ba4 Rb1+ 35. Kg2 fxe4 36. fxe4 Na6 37. d6 Re1 38. Rf3+ Kg8 39. Bb3+ Kh8 40.
Raf2 h5 41. Rf8+ Rxf8 42. Rxf8+ 1-0

[Event "NB I. Maroczy csoport"]
[Site "Budapest"]
[Date "2024.04.21"]
[Round "10.9"]
[White "Kovacs, Tamas"]
[Black "Koczo, Kristof"]
[Result "0-1"]
[WhiteElo "2079"]
[BlackElo "2038"]
[PlyCount "48"]
[EventDate "2023.10.08"]
[EventType "team-tourn"]
[EventRounds "11"]
[EventCountry "HUN"]
[Source "chess.hu"]
[WhiteTeam "DVTK I."]
[BlackTeam "Aquarena Kobanya  II"]
[WhiteTeamCountry "HUN"]
[BlackTeamCountry "HUN"]

1. d4 d5 2. c4 c6 3. Nf3 Nf6 4. g3 dxc4 5. Bg2 g6 6. Ne5 Be6 7. O-O Nbd7 8. f4
Bd5 9. Nc3 Bxg2 10. Kxg2 Nxe5 11. fxe5 Nd5 12. Ne4 Bg7 13. Qc2 b5 14. e3 Nb4
15. Qe2 Qd5 16. Qf3 Nd3 17. a4 b4 18. Kg1 O-O 19. h4 f6 20. exf6 exf6 21. Bd2
Rae8 22. Nc5 Nxc5 23. Bxb4 Qxf3 24. Rxf3 Nb3 0-1

[Event "NB I. Maroczy csoport"]
[Site "Budapest"]
[Date "2024.04.21"]
[Round "10.10"]
[White "Medvegy, Judit"]
[Black "Kovacs, Kristof"]
[Result "1/2-1/2"]
[WhiteElo "2002"]
[BlackElo "1994"]
[PlyCount "118"]
[EventDate "2023.10.08"]
[EventType "team-tourn"]
[EventRounds "11"]
[EventCountry "HUN"]
[Source "chess.hu"]
[WhiteTeam "Aquarena Kobanya  II"]
[BlackTeam "DVTK I."]
[WhiteTeamCountry "HUN"]
[BlackTeamCountry "HUN"]

1. e4 e5 2. Nf3 Nc6 3. Bb5 a6 4. Bxc6 dxc6 5. O-O Bd6 6. d4 exd4 7. Qxd4 f6 8.
Nbd2 Be6 9. Nc4 Bxh2+ 10. Kxh2 Qxd4 11. Nxd4 Bxc4 12. Rd1 O-O-O 13. Be3 g6 14.
b3 Bf7 15. f3 Ne7 16. Ne2 Rhe8 17. Kg1 b6 18. Kf2 c5 19. Nc3 Nc6 20. Rxd8+ Rxd8
21. Rc1 Kb7 22. Ne2 c4 23. Ke1 Nb4 24. a3 Nc6 25. b4 a5 26. Bd2 axb4 27. axb4
Ra8 28. Rb1 h5 29. Bc3 Ne5 30. Kd2 h4 31. Rh1 g5 32. Ke3 Ra3 33. Kd2 Be6 34.
Nd4 Bd7 35. Ne2 h3 36. gxh3 Nxf3+ 37. Kc1 Bc6 38. Kb2 Ra8 39. Ng3 Re8 40. Rf1
Nh4 41. Bxf6 Bxe4 42. Bxg5 Ng2 43. Nxe4 Rxe4 44. Rf2 Ne3 45. Bxe3 Rxe3 46. Rh2
Re5 47. h4 Rh5 48. Kc3 b5 49. Kd4 Kb6 50. Ke4 c5 51. c3 Kc6 52. Kf4 cxb4 53.
cxb4 c3 54. Ke3 Kd5 55. Kd3 c2 56. Rxc2 Rxh4 57. Rc5+ Kd6 58. Rxb5 Kc6 59. Rb8
Kc7 1/2-1/2

[Event "NB I. Maroczy csoport"]
[Site "Budapest"]
[Date "2024.04.21"]
[Round "10.11"]
[White "Peredi, Oliver"]
[Black "Csernyik, Mark"]
[Result "0-1"]
[WhiteElo "2030"]
[BlackElo "2097"]
[PlyCount "72"]
[EventDate "2023.10.08"]
[EventType "team-tourn"]
[EventRounds "11"]
[EventCountry "HUN"]
[Source "chess.hu"]
[WhiteTeam "DVTK I."]
[BlackTeam "Aquarena Kobanya  II"]
[WhiteTeamCountry "HUN"]
[BlackTeamCountry "HUN"]

1. Nf3 Nf6 2. g3 g6 3. d4 Bg7 4. Bg2 O-O 5. O-O d6 6. c4 Nc6 7. Nc3 e5 8. d5
Nb8 9. e4 a5 10. h3 Na6 11. Be3 Nd7 12. Qd2 f5 13. Ng5 Ndc5 14. f4 h6 15. fxe5
dxe5 16. Nf3 fxe4 17. Nh4 g5 18. Ng6 Rf6 19. Rxf6 Qxf6 20. Nxe4 Nxe4 21. Bxe4
Bxh3 22. Kh2 Bg4 23. Qg2 Bh5 24. Rf1 Qd6 25. Qf2 Bxg6 26. c5 Nxc5 27. Bxc5 Qa6
28. d6 cxd6 29. Bxg6 dxc5 30. Bf7+ Kh8 31. Rd1 Rf8 32. Rd7 e4 33. Qxc5 Qe2+ 34.
Kg1 e3 35. Qf5 Qxb2 36. Re7 Qf6 0-1

[Event "NB I. Maroczy csoport"]
[Site "Budapest"]
[Date "2024.04.21"]
[Round "10.12"]
[White "Fodor, Miklos"]
[Black "Ress, Amira"]
[Result "1-0"]
[WhiteElo "2070"]
[BlackElo "1767"]
[PlyCount "93"]
[EventDate "2023.10.08"]
[EventType "team-tourn"]
[EventRounds "11"]
[EventCountry "HUN"]
[Source "chess.hu"]
[WhiteTeam "Aquarena Kobanya  II"]
[BlackTeam "DVTK I."]
[WhiteTeamCountry "HUN"]
[BlackTeamCountry "HUN"]

1. e4 e6 2. d4 d5 3. e5 c5 4. c3 Qb6 5. Nf3 Nc6 6. Bd3 Bd7 7. O-O cxd4 8. Re1
dxc3 9. Nxc3 Na5 10. Re2 Ne7 11. Be3 Qd8 12. Rc1 a6 13. b4 Nac6 14. Bc5 Ng6 15.
Bxf8 Kxf8 16. b5 Nb4 17. Bxg6 hxg6 18. a3 d4 19. Qxd4 Nd5 20. Nxd5 exd5 21.
bxa6 bxa6 22. Qxd5 Be6 23. Qd6+ Qxd6 24. exd6 Rh5 25. Ne5 Rd8 26. Rc6 a5 27.
Nxg6+ Kg8 28. Nf4 Rb5 29. h4 Bd5 30. Rc7 Rxd6 31. Rd2 a4 32. Ra7 Kh7 33. Nxd5
Rbxd5 34. Rxd5 Rxd5 35. Rxa4 Rd1+ 36. Kh2 Ra1 37. g4 Ra2 38. Kg3 Ra1 39. Ra7 f6
40. Kf4 Re1 41. a4 Kg6 42. a5 Ra1 43. h5+ Kh6 44. Kf5 Rb1 45. a6 Rb5+ 46. Kf4
Rb4+ 47. Kg3 1-0

[Event "NB I. Maroczy csoport"]
[Site "Budapest"]
[Date "2024.04.21"]
[Round "10.1"]
[White "Ardelean, George-Catalin"]
[Black "Kun, Gabor"]
[Result "1/2-1/2"]
[WhiteElo "2434"]
[BlackElo "2258"]
[PlyCount "88"]
[EventDate "2023.10.08"]
[EventType "team-tourn"]
[EventRounds "11"]
[EventCountry "HUN"]
[Source "chess.hu"]
[WhiteTeam "NYVSC "]
[BlackTeam "Magyar Sakkvilag-SMS"]
[WhiteTeamCountry "HUN"]
[BlackTeamCountry "HUN"]

1. e4 e6 2. d4 d5 3. Nc3 Nf6 4. e5 Nfd7 5. Nce2 c5 6. c3 Nc6 7. Nf3 Qa5 8. Bf4
Be7 9. a3 cxd4 10. Nexd4 Nxd4 11. Nxd4 O-O 12. Bd3 Nc5 13. Bc2 Qa6 14. Qb1 h6
15. h4 Bd7 16. Rh3 f5 17. Qc1 Rf7 18. b4 Na4 19. Bd1 Bf8 20. Ra2 Rc8 21. Rc2
Qb6 22. Qd2 a5 23. Kf1 Qd8 24. g4 fxg4 25. Bxg4 Qb6 26. Rg3 axb4 27. axb4 Rxc3
28. Bh5 Rxg3 29. Bxf7+ Kxf7 30. Bxg3 Bxb4 31. Qf4+ Kg8 32. Qg4 Bc3 33. Ne2 d4
34. Bf4 h5 35. Qg6 Qb1+ 36. Kg2 Qb5 37. Ng3 Qd5+ 38. Kh2 Bc6 39. f3 Qxf3 40.
Qxe6+ Kh7 41. Qf5+ Kg8 42. Qc8+ Kh7 43. Qf5+ Kg8 44. Qc8+ Kh7 1/2-1/2